| 000 | 01703nam0a2200337 4500 | ||
|---|---|---|---|
| 001 | RU\NLR\bibl\76751 | ||
| 005 | 20260407115948.0 | ||
| 021 |
_aRU _b1998-48373 _92332 |
||
| 035 | _a(NLR Aleph) 000074918 | ||
| 090 |
_a414822 _c414822 |
||
| 100 | _a20000324d1998 |||y0rusy50 ca | ||
| 101 | 0 | _arus | |
| 102 | _aRU | ||
| 105 | _ay ||||||||| | ||
| 200 | 1 |
_aЛатинский язык в биологии _eУчеб.-метод. пособие для студентов основной и доп. спец. 011600 - Биология _fХакас. гос. ун-т им. Н.Ф. Катанова _g[Авт.-сост. Лавриненко С.В., к.фарм.н.] |
|
| 210 |
_aАбакан _cИзд-во ХГУ _d1998 |
||
| 215 |
_a34,[1] с. _cил. _d20 |
||
| 320 | _aБиблиогр.: с. 34 (7 назв.) | ||
| 606 | 0 |
_aЛатинский язык _jУчебные издания для высших учебных заведений _91432540 _3RU\NLR\auth\66605608 |
|
| 606 | 0 |
_aБиология _jРуководства, пособия и т.п. _9896131 _3RU\NLR\auth\664781 |
|
| 606 | 0 |
_aБиология _jУчебные издания для высших учебных заведений _9896131 _3RU\NLR\auth\664781 |
|
| 686 | _aШ146.1-93рус328.5 | ||
| 686 | _aЕ.я731 | ||
| 702 | 1 |
_aЛавриненко _bС. В. _gСветлана Вячеславовна _4220 |
|
| 712 | 0 | 2 |
_4570 _aХакасский государственный университет им. Н. Ф. Катанова _cАбакан _3RU\NLR\AUTH\889950109 _9395994 |
| 801 | 0 |
_aRU _bNLR _c20000324 _gPSBO |
|
| 801 | 1 |
_aRU _bNLR _c20000324 |
|
| 852 |
_aNLR _j99-4/10234 |
||
| 942 | _cBOOK | ||
| 980 | _aNB | ||